000
00244nam a22001097a 4500
082
_a
300/VAI
100
_a
vaidya,Manmohan
_9
82143
245
_a
We And The World Around
260
_a
Delhi
_b
VAni Prakashan
_c
2023
650
_a
Social
942
_c
BK
999
_c
66509
_d
66509